| 000 | 00000nam##2200000za#4500 |
| 001 | 9.641445 |
| 003 | CaOODSP |
| 005 | 20210624223219 |
| 007 | cr ||||||||||| |
| 008 | 150407|2014||||xxc|||||o f|0| 0 fre|d |
| 020 | |a978-0-660-20557-1 |
| 040 | |aCaOODSP|bfre |
| 043 | |an-cn--- |
| 086 | 1 |aCW66-328/2014F-PDF |
| 110 | 2 |aService canadien de la faune. |
| 245 | 10|aPlan de gestion de la réserve nationale de faune des Îles-de-la-Paix |h[ressource électronique] |
| 260 | |aOttawa - Ontario : |bEnvironnement Canada. |cc2014. |
| 300 | |a46p.|bcartes, références, tableaux, photographies |
| 590 | |a15-08|b2015-02-20 |
| 691 | 07|aAire de conservation|2gcpds |
| 691 | 07|aGestion de la faune|2gcpds |
| 775 | 08|tÎles de la Paix National Wildlife Area management plan |w(CaOODSP)9.697397 |
| 856 | 40|ahttp://publications.gc.ca|qPDF|s1.54 Mo|uhttps://publications.gc.ca/collections/collection_2015/ec/CW66-328-2014-fra.pdf |